000 00336nam a22001457a 4500
008 221110b ||||| |||| 00| 0 eng d
020 _a2900323055702
041 _aeng
080 _2SEVENTH EDITION
_a159.9
082 _a159.9 SEI
100 _a25
101 _aPSI
245 _aPHYSICAL EXAMINATION
_cSEIDEL M.H
942 _2udc
_cBK
999 _c58843
_d58843